|
|
|
|
| LEADER |
01885nam a2200349 u 4500 |
| 001 |
10118478 |
| 003 |
GR-PaULI |
| 005 |
20240806121349.0 |
| 008 |
151207s1980 gr gre |
| 020 |
|
|
|a
|
| 040 |
|
|
|a GR-PaULI
|c GR-PaULI
|b gre
|e AACR2
|
| 041 |
1 |
|
|a gre
|h eng
|
| 082 |
0 |
4 |
|a 306
|2 23
|
| 100 |
1 |
|
|a Eliot, T. S.
|q (Thomas Stearns),
|d 1888-1965,
|4
|9 6094
|e συγγραφέας.
|
| 245 |
1 |
0 |
|a Σημειώσεις για τον ορισμό της κουλτούρας /
|c T.S. Eliot ; μετάφραση Νανά Ησαΐα.
|
| 260 |
|
|
|a Αθήνα :
|b Πλέθρον,
|c 1980.
|
| 300 |
|
|
|a 158 σ. ;
|c 21 εκ.
|
| 490 |
1 |
|
|a Θεωρία λογοτεχνίας και κριτικής / Πλέθρον
|
| 500 |
|
|
|a Περιλαμβάνει ευρετήριο.
|
| 500 |
|
|
|a Τίτλος πρωτοτύπου: Notes towards the definition of culture.
|
| 650 |
|
4 |
|a Πνευματική καλλιέργεια
|9 32766
|
| 650 |
|
4 |
|a Πολιτισμός
|9 96
|
| 650 |
|
4 |
|9 51699
|a Γλώσσα και πολιτισμός
|
| 700 |
1 |
|
|9 27710
|a Ησαΐα, Νανά,
|d 1934-2003,
|4
|e μεταφράστρια.
|
| 765 |
|
|
|i Μετάφραση του:
|t Notes towards the definition of culture.
|
| 830 |
|
0 |
|9 161697
|a Θεωρία λογοτεχνίας και κριτικής (Πλέθρον)
|
| 942 |
|
|
|2 ddc
|c BK
|
| 952 |
|
|
|0 0
|1 0
|4 0
|6 306_000000000000000_ELI
|7 0
|9 186911
|a THST
|b THST
|d 2016-04-24
|i 000743
|l 0
|o 306 ELI
|p 025000013380
|r 2016-04-24 00:00:00
|t 2
|w 2016-04-24
|y BK15
|
| 952 |
|
|
|0 0
|1 0
|4 0
|6 306_000000000000000_ELI
|7 0
|9 186912
|a PHIL
|b PHIL
|d 2016-04-24
|i 6218
|l 0
|o 306 ELI
|p 025000170938
|r 2016-09-30 00:00:00
|t 1
|w 2016-04-24
|y BK15
|
| 952 |
|
|
|0 0
|1 0
|2 ddc
|4 0
|6 306_000000000000000_ELI
|7 0
|9 382807
|a LISP
|b LISP
|c DON
|d 2024-08-06
|e ΜΑΡ
|i 367749
|l 0
|o 306 ELI
|p 025000312747
|r 2024-08-06 00:00:00
|t 3
|w 2024-08-06
|y BKN
|
| 998 |
|
|
|c ΚΑΝΕΛΛΟΠΟΥΛΟΥ
|d 2015-12
|
| 999 |
|
|
|c 115275
|d 115275
|